[Event "World Rapid 2019"]
[Site "Moscow RUS"]
[Date "2019.12.28"]
[Round "15"]
[White "Motylev, Alexander"]
[Black "Tregubov, Pavel V."]
[Result "1-0"]
[WhiteElo "2703"]
[BlackElo "2507"]
[EventDate "2019.12.26"]
[Board "20"]

1. e4 e5 2. Nf3 Nf6 3. d4 Nxe4 4. dxe5 d5 5. Nbd2 Nc5 6. Be2 Be7 7. O-O O-O
8. Re1 Bg4 9. Nf1 Nc6 10. h3 Be6 11. c3 f6 12. exf6 Bxf6 13. Ng3 Bf7 14.
Bb5 Bg6 15. Be3 Qd6 16. Qd2 a6 17. Bxc5 Qxc5 18. Bd3 Ne7 19. Bxg6 Nxg6 20.
Nh5 Qd6 21. Rad1 Rad8 22. Qe2 c6 23. c4 d4 24. Qe6+ Qxe6 25. Rxe6 Kf7 26.
Rde1 d3 27. Nxf6 gxf6 28. R6e3 Rd7 29. g3 b5 30. Rc1 Re8 31. Rxe8 Kxe8 32.
Nd2 Re7 33. cxb5 cxb5 34. Kf1 Kf7 35. Rc3 Rd7 36. f4 Ne7 37. Kf2 h5 38. g4
hxg4 39. hxg4 f5 40. g5 Kg6 41. Kf3 Kh5 42. Rc1 Kg6 43. Rh1 Kg7 44. Rc1 Kf7
45. a3 Ke6 46. Re1+ Kf7 47. Rh1 Kg7 48. Rc1 Kf7 49. Rc5 Kg6 50. b3 Kf7 51.
Rc1 Ke6 52. Rh1 Kd5 53. Ke3 Kc5 54. b4+ Kc6 55. Rh6+ Kb7 56. g6 Nd5+ 57.
Kf3 Nf6 58. g7 Ng8 59. Rg6 Re7 60. Nb3 Ka7 61. Rg2 Rd7 1-0

[Event "World Rapid 2019"]
[Site "Moscow RUS"]
[Date "2019.12.28"]
[Round "15"]
[White "Bartel, Mateusz"]
[Black "Jobava, Baadur"]
[Result "1/2-1/2"]
[WhiteElo "2544"]
[BlackElo "2702"]
[EventDate "2019.12.26"]
[Board "21"]

1. e4 e5 2. Nf3 Nf6 3. Nxe5 d6 4. Nc4 Nxe4 5. Qe2 d5 6. d3 Nc6 7. dxe4 dxc4
8. Qxc4 Be6 9. Qa4 Bc5 10. Bb5 O-O 11. Bxc6 bxc6 12. O-O f5 13. Qxc6 Bc4
14. Qxc5 Bxf1 15. Nc3 Ba6 16. exf5 Qd7 17. Bf4 Rab8 18. Qxa7 Qxf5 19. Be3
Bb7 20. Qa4 Qg6 21. Qc4+ Kh8 22. Qf1 Qxc2 23. Qb1 Qxb1+ 24. Rxb1 Kg8 25.
Rc1 Rf7 26. b3 h6 27. h3 Ra8 28. a4 Bc6 29. Ne2 Bd5 30. b4 Re7 31. a5 Kf7
32. Nd4 Ra6 33. Bf4 c6 34. Bd6 Rd7 35. Bc5 Ra8 36. Re1 Rc7 37. f3 g6 38.
Kf2 Bc4 39. Bb6 Rcc8 40. Re4 Bd5 41. Re3 Re8 42. Rc3 Rec8 43. Ne2 Ke7 44.
Nf4 g5 45. Nd3 Kd6 46. Nc5 Rab8 47. Re3 Ra8 48. a6 Rcb8 49. Nb7+ Kd7 50.
Nc5+ Kd6 51. Ba5 Rb5 52. Nb7+ Kd7 53. Nc5+ Kd6 54. Ra3 Ra7 55. Ke3 Re7+ 56.
Kd4 Rf7 57. Nd3 Ra7 58. Nc5 Rf7 59. Nd3 Ra7 60. Nc5 Rf7 61. Re3 Rf4+ 62.
Ne4+ Ke6 63. Kd3 Bxe4+ 64. Rxe4+ Rxe4 65. Kxe4 Kd6 66. a7 Re5+ 67. Kd4 Re8
68. Bb6 h5 69. Kc4 Rg8 70. b5 g4 71. Bc5+ Kc7 72. b6+ Kb7 73. hxg4 hxg4 74.
f4 g3 75. f5 Rg4+ 76. Kd3 Rf4 77. Bd6 Rxf5 78. Bxg3 1/2-1/2

[Event "World Rapid 2019"]
[Site "Moscow RUS"]
[Date "2019.12.28"]
[Round "15"]
[White "Dreev, Aleksey"]
[Black "Inarkiev, Ernesto"]
[Result "1/2-1/2"]
[WhiteElo "2588"]
[BlackElo "2701"]
[EventDate "2019.12.26"]
[Board "22"]

1. d4 d5 2. Nf3 Nf6 3. c4 dxc4 4. e3 e6 5. Bxc4 c5 6. O-O a6 7. b3 b5 8.
Be2 Bb7 9. a4 b4 10. Bb2 Nbd7 11. Nbd2 Be7 12. Nc4 O-O 13. Rc1 Rc8 14. Nfe5
cxd4 15. Nxd7 Nxd7 16. Bxd4 Nc5 17. Bxc5 Rxc5 18. Bf3 Bxf3 19. Qxf3 Qd3 20.
Rb1 Qd5 21. Rfd1 Qxf3 22. gxf3 Rd8 23. Rxd8+ Bxd8 24. Rd1 Bc7 25. f4 Kf8
26. Kg2 g5 27. fxg5 Rxg5+ 28. Kf3 Ke7 29. h3 Rf5+ 30. Kg2 Rg5+ 31. Kf3 Rf5+
32. Kg2 Rg5+ 33. Kf3 Rf5+ 1/2-1/2

[Event "World Rapid 2019"]
[Site "Moscow RUS"]
[Date "2019.12.28"]
[Round "15"]
[White "Gelfand, Boris"]
[Black "Fridman, Daniel"]
[Result "1-0"]
[WhiteElo "2700"]
[BlackElo "2611"]
[EventDate "2019.12.26"]
[Board "23"]

1. c4 e6 2. Nc3 d5 3. d4 Be7 4. cxd5 exd5 5. Bf4 Nf6 6. e3 Bf5 7. Nge2 O-O
8. Ng3 Be6 9. Bd3 c5 10. O-O Nc6 11. dxc5 Bxc5 12. Nh5 Be7 13. Nxf6+ Bxf6
14. Na4 Nb4 15. Nc5 Qb6 16. Nxe6 fxe6 17. Be2 Rac8 18. Bg4 Rc6 19. Qb3 Nc2
20. Qxb6 Rxb6 21. Rac1 Rc8 22. b3 Kf7 23. Rfd1 Rbc6 24. e4 dxe4 25. Rd7+
Kg6 26. Rxb7 h5 27. Bd1 a6 28. Rb8 Rxb8 29. Bxb8 Nb4 30. Rxc6 Nxc6 31. Bd6
Nd4 32. a4 Bg5 33. Kf1 Bd2 34. b4 e3 35. fxe3 Bxe3 36. Be2 Nf5 37. Bc7 Bd2
38. Bxa6 Bxb4 39. Bd3 Kf6 40. Bxf5 exf5 41. a5 Ke6 42. a6 Bc5 43. Bb8 g5
44. Ke2 f4 45. h4 gxh4 46. Kf3 Kd5 47. a7 1-0

[Event "World Rapid 2019"]
[Site "Moscow RUS"]
[Date "2019.12.28"]
[Round "15"]
[White "Guseinov, Gadir"]
[Black "Grachev, Boris"]
[Result "1/2-1/2"]
[WhiteElo "2691"]
[BlackElo "2606"]
[EventDate "2019.12.26"]
[Board "24"]

1. e4 c5 2. Nf3 e6 3. d4 cxd4 4. Nxd4 Nf6 5. Nc3 Nc6 6. Nxc6 bxc6 7. e5 Nd5
8. Ne4 Bb7 9. Be2 c5 10. O-O Qc7 11. Nd6+ Bxd6 12. exd6 Qc6 13. f3 c4 14.
Qd4 O-O 15. Bxc4 Qxd6 16. Rd1 Rfc8 17. b3 Qb6 18. Bb2 Qxd4+ 19. Rxd4 Ne3
20. Rxd7 Nxc4 21. bxc4 Ba6 22. Bd4 Bxc4 23. Rxa7 Rxa7 24. Bxa7 Ra8 25. Rb1
1/2-1/2

[Event "World Rapid 2019"]
[Site "Moscow RUS"]
[Date "2019.12.28"]
[Round "15"]
[White "Xu, Yinglun"]
[Black "Sargissian, Gabriel"]
[Result "1/2-1/2"]
[WhiteElo "2478"]
[BlackElo "2715"]
[EventDate "2019.12.26"]
[Board "25"]

1. d4 Nf6 2. c4 e6 3. Nf3 b6 4. g3 Ba6 5. Qa4 Be7 6. Bg2 O-O 7. Nc3 c6 8.
O-O Qe8 9. Bf4 d6 10. c5 dxc5 11. dxc5 b5 12. Qd4 Nd5 13. b4 Nd7 14. Nxd5
cxd5 15. Rac1 Nb8 16. Qd3 Nc6 17. a3 Qc8 18. Bd6 Bxd6 19. cxd6 Qd7 20. e4
Qxd6 21. exd5 Ne7 22. Ng5 g6 23. Ne4 Qe5 24. Nc5 Qd6 25. Nxa6 Qxa6 26. dxe6
Rac8 27. exf7+ Kxf7 28. Bh3 Rxc1 29. Rxc1 Qb6 30. Rc5 a6 31. Qe3 Qd6 32.
Re5 Rd8 33. Be6+ Kg7 34. Bb3 Nf5 35. Qe4 Qd3 36. Qxd3 Rxd3 37. Bc2 Rxa3 38.
Bxf5 1/2-1/2

[Event "World Rapid 2019"]
[Site "Moscow RUS"]
[Date "2019.12.28"]
[Round "15"]
[White "Predke, Alexandr"]
[Black "Wojtaszek, Radoslaw"]
[Result "1/2-1/2"]
[WhiteElo "2637"]
[BlackElo "2724"]
[EventDate "2019.12.26"]
[Board "26"]

1. e4 c6 2. Nf3 d5 3. d3 dxe4 4. dxe4 Qxd1+ 5. Kxd1 Nf6 6. Nbd2 g6 7. Ne5
Nbd7 8. Nd3 Ng4 9. a4 Bg7 10. h3 Nge5 11. Nxe5 Nxe5 12. c3 g5 13. Nc4 h6
14. Nxe5 Bxe5 15. Bc4 f5 16. exf5 Bxf5 17. Ke2 Be4 18. f3 Bd5 19. Bxd5 cxd5
20. h4 Rg8 21. hxg5 hxg5 22. Be3 Kf7 23. Rad1 Ke6 24. Rh6+ Bf6 25. Bd4 Rh8
26. Rdh1 Rxh6 27. Rxh6 a5 28. g4 Rf8 29. f4 Kd7 30. f5 Bxd4 31. cxd4 Rc8
32. Rb6 Rc2+ 33. Kd3 Rg2 34. Rxb7+ Kd6 35. Rb6+ Kc7 36. Rb5 Rg3+ 37. Kd2
Rg2+ 38. Ke3 Rg3+ 39. Kf2 Rxg4 40. Rxd5 Kc6 41. Rc5+ Kd6 42. Rxa5 Rxd4 43.
b3 Rd3 44. Rb5 g4 45. b4 Ra3 46. a5 Rf3+ 47. Kg2 Ra3 48. Rc5 Ra4 49. Rb5
Ra3 50. Kf2 Rf3+ 51. Kg2 Ra3 52. Rc5 Ra4 53. Rc4 Ke5 54. Kg3 Kxf5 55. Rf4+
Ke5 56. Kxg4 Kd5 57. Kf5 e6+ 58. Kf6 e5 59. Rf5 Rxb4 60. Rxe5+ Kc6 61. a6
1/2-1/2

[Event "World Rapid 2019"]
[Site "Moscow RUS"]
[Date "2019.12.28"]
[Round "15"]
[White "Safarli, Eltaj"]
[Black "Andriasian, Zaven"]
[Result "1-0"]
[WhiteElo "2709"]
[BlackElo "2633"]
[EventDate "2019.12.26"]
[Board "27"]

1. e4 c5 2. Nc3 d6 3. Bb5+ Bd7 4. Bxd7+ Qxd7 5. d4 cxd4 6. Qxd4 Nc6 7. Qd3
g6 8. Nf3 Bg7 9. O-O Nf6 10. Bg5 O-O 11. Rad1 h6 12. Bc1 Ng4 13. h3 Nge5
14. Nxe5 Nxe5 15. Qg3 Rac8 16. f4 Nc4 17. f5 Ne5 18. Bxh6 Bxh6 19. Qxe5 Bg7
20. Qg3 Qe8 21. fxg6 fxg6 22. Rxf8+ Kxf8 23. Nd5 Be5 24. Qg4 Rxc2 25. Rf1+
Kg7 26. Qe6 Qb5 27. Qxe7+ Kh6 28. Qf8+ Kg5 29. Ne3 Qc5 30. h4+ Kh5 31. Qf3+
Kh6 32. Kh1 Rc1 33. Ng4+ Kh7 34. Nxe5 dxe5 35. Rxc1 Qxc1+ 36. Kh2 Qxb2 37.
Qf7+ Kh6 38. Qf8+ Kh7 39. Qf7+ Kh6 40. Qg8 Kh5 41. Kh3 Qc3+ 42. g3 1-0

[Event "World Rapid 2019"]
[Site "Moscow RUS"]
[Date "2019.12.28"]
[Round "15"]
[White "Rakhmanov, Aleksandr"]
[Black "Kovalev, Vladislav"]
[Result "0-1"]
[WhiteElo "2686"]
[BlackElo "2597"]
[EventDate "2019.12.26"]
[Board "28"]

1. c4 Nf6 2. Nc3 e6 3. e4 c5 4. Nf3 Nc6 5. Be2 e5 6. d3 d6 7. O-O g6 8. a3
Bg7 9. b4 O-O 10. Rb1 b6 11. Nd5 h6 12. Bd2 Be6 13. Qc1 g5 14. bxc5 dxc5
15. h4 g4 16. Nh2 Nd4 17. Bd1 Nxd5 18. cxd5 Bd7 19. Nxg4 Qxh4 20. Nxh6+ Kh7
21. Bg5 Bxh6 22. Bxh4 Bxc1 23. Rxc1 f5 24. f4 fxe4 25. dxe4 Bb5 26. Rf2
exf4 27. e5 Rf5 28. Bf6 Rg8 29. Rc3 Kg6 30. a4 Ba6 31. Rh3 Bb7 32. Bf3 Rxf6
33. exf6 Kxf6 34. Rh7 Nxf3+ 35. Rxf3 Bxd5 36. Rxf4+ Ke5 37. Rf2 c4 38. Rd7
c3 39. Kf1 Rc8 40. Re2+ Kd4 41. Rc2 a6 42. g4 b5 43. axb5 axb5 44. Rc1 c2
45. Rd6 b4 46. Rb6 b3 47. Ke2 Kc3 48. Rg1 Bc4+ 49. Ke3 b2 0-1

[Event "World Rapid 2019"]
[Site "Moscow RUS"]
[Date "2019.12.28"]
[Round "15"]
[White "Laznicka, Viktor"]
[Black "Quparadze, Giga"]
[Result "0-1"]
[WhiteElo "2678"]
[BlackElo "2595"]
[EventDate "2019.12.26"]
[Board "29"]

1. d4 Nf6 2. c4 e6 3. Nf3 b6 4. Bf4 Bb7 5. e3 d6 6. h3 Nbd7 7. Nc3 g6 8.
Be2 Bg7 9. O-O O-O 10. Qc2 Qe7 11. Bh2 c5 12. Rfd1 cxd4 13. Nxd4 Ne5 14.
Ndb5 Ne8 15. Ne4 Rd8 16. a4 f5 17. Nd2 Nc6 18. Nf3 a6 19. Nc3 Nb4 20. Qb3
a5 21. Na2 Nxa2 22. Rxa2 Qc7 23. c5 bxc5 24. Qxe6+ Kh8 25. b3 Bc8 26. Qc4
Nf6 27. Nd4 Ne4 28. Nb5 Qe7 29. f3 d5 30. Rxd5 Rxd5 31. Qxd5 Rd8 32. Qc6
Nc3 33. Nxc3 Qxe3+ 34. Kh1 Qxc3 35. Bc7 Qe1+ 36. Kh2 Bd4 37. Bf1 Qxf1 38.
Bxd8 Qg1+ 39. Kg3 Qe1+ 40. Kf4 Qe3+ 41. Kg3 Be5+ 0-1

[Event "World Rapid 2019"]
[Site "Moscow RUS"]
[Date "2019.12.28"]
[Round "15"]
[White "Adhiban, Baskaran"]
[Black "Chigaev, Maksim"]
[Result "1-0"]
[WhiteElo "2607"]
[BlackElo "2669"]
[EventDate "2019.12.26"]
[Board "31"]

1. e4 g6 2. d4 Bg7 3. Nc3 d6 4. f4 Nf6 5. Nf3 Nc6 6. d5 Nb8 7. e5 Ng4 8. h3
Nh6 9. Bc4 c6 10. e6 fxe6 11. dxe6 d5 12. Bd3 Bxe6 13. Ng5 Bf5 14. Bxf5
Nxf5 15. g4 Nd4 16. Be3 c5 17. Ne2 Nbc6 18. c3 Nxe2 19. Qxe2 Qd6 20. O-O-O
O-O 21. Ne4 Qe6 22. Nxc5 Qf7 23. Kb1 b6 24. Nb3 Rad8 25. Qb5 Rd6 26. Rhe1
e6 27. Nd2 d4 28. Nc4 Rd5 29. Qxc6 dxe3 30. Rxd5 exd5 31. Nxe3 Qxf4 32.
Nxd5 Qd2 33. Qe6+ Kh8 34. Ne7 Qd3+ 35. Ka1 Qxh3 36. a3 Qh4 37. Ka2 Qf6 38.
Qc4 Qf7 39. Nd5 Rd8 40. Rd1 h6 41. a4 Kh7 42. g5 hxg5 43. Qe4 Bh6 44. c4
Rf8 45. Rh1 Qg7 46. Rh2 a6 47. Nxb6 Rf4 48. Qe6 Rf6 49. Qe3 g4 50. Nd5 Rf3
51. Qe4 Qd7 52. Qxf3 gxf3 53. Nf6+ Kg7 54. Nxd7 Be3 55. Ne5 f2 56. Rh1 g5
57. Ng4 1-0

[Event "World Rapid 2019"]
[Site "Moscow RUS"]
[Date "2019.12.28"]
[Round "15"]
[White "Sjugirov, Sanan"]
[Black "Potkin, Vladimir"]
[Result "1-0"]
[WhiteElo "2664"]
[BlackElo "2560"]
[EventDate "2019.12.26"]
[Board "32"]

1. e4 e5 2. Nf3 Nc6 3. Bb5 g6 4. c3 a6 5. Bxc6 dxc6 6. d4 exd4 7. cxd4 Bg7
8. Be3 Bg4 9. Nbd2 Nf6 10. Qc2 O-O 11. h3 Bxf3 12. Nxf3 Re8 13. e5 Nd5 14.
O-O Qe7 15. Rfe1 h6 16. Bd2 Qe6 17. Qc1 g5 18. Qc2 Rad8 19. h4 g4 20. Nh2
Ne7 21. Re4 h5 22. Bg5 Rd5 23. Nf1 Nf5 24. Rd1 c5 25. dxc5 Rxe5 26. Rxe5
Qxe5 27. b4 Nd4 28. Qd3 Ne2+ 29. Kh1 Nc3 30. Rd2 Qe1 31. Be3 Ne4 32. Rc2 g3
33. Kg1 gxf2+ 34. Bxf2 Nxf2 35. Rxf2 Qe4 36. Qd7 Qe6 37. Qxe6 Rxe6 38. Rf4
Re2 39. Ng3 Rxa2 40. Nxh5 Be5 41. Re4 f6 42. g4 Kf7 43. g5 Kg6 44. Nxf6
Bxf6 45. Re6 Kh5 46. Rxf6 Rb2 47. Rh6+ Kg4 48. g6 Kg3 49. Kf1 Rxb4 50. h5
Kf3 51. Ke1 Rg4 52. Rh7 a5 53. Rf7+ Ke3 54. Re7+ Kd4 55. g7 a4 56. h6 a3
57. Re2 1-0

[Event "World Rapid 2019"]
[Site "Moscow RUS"]
[Date "2019.12.28"]
[Round "15"]
[White "Bocharov, Dmitry"]
[Black "Geller, Jakov"]
[Result "1-0"]
[WhiteElo "2642"]
[BlackElo "2536"]
[EventDate "2019.12.26"]
[Board "33"]

1. c4 e6 2. Nf3 d5 3. e3 Nf6 4. b3 Be7 5. Bb2 O-O 6. Nc3 dxc4 7. Bxc4 a6 8.
Qc2 b5 9. Bd3 Bb7 10. Ng5 h6 11. Nh7 Nc6 12. Nxf6+ Bxf6 13. Be2 Nb4 14. Qb1
c5 15. a3 Nd5 16. Nxd5 Bxd5 17. O-O Rc8 18. Rc1 Ba8 19. Bxf6 Qxf6 20. a4
Qg5 21. Bf1 Rfd8 22. Qb2 b4 23. a5 Bb7 24. Ra2 Rd5 25. Rc4 Rcd8 26. Qc1 Qe7
27. Rac2 Qd6 28. Rxc5 Rxc5 29. Rxc5 Qxd2 30. Qxd2 Rxd2 31. f3 Ra2 32. e4 f5
33. Rc7 fxe4 34. Rxb7 e3 35. Rxb4 e2 36. Bxe2 Rxe2 37. Rb6 Rb2 38. Rxa6
Rxb3 39. Rxe6 Ra3 40. a6 Kf7 41. Rb6 Ra2 42. h4 h5 43. Rb7+ Kf6 44. a7 g6
45. Kf1 Ke5 46. g3 Kd4 47. Re7 Kd3 48. g4 Kd4 49. gxh5 gxh5 50. f4 Kd5 51.
f5 Kd6 52. f6 Ra4 53. Ke2 Ra3 54. Kd2 Ra5 55. Kc3 Rc5+ 56. Kb4 Rc8 57. Rb7
1-0

[Event "World Rapid 2019"]
[Site "Moscow RUS"]
[Date "2019.12.28"]
[Round "15"]
[White "Matlakov, Maxim"]
[Black "Iturrizaga Bonelli, Eduardo"]
[Result "0-1"]
[WhiteElo "2726"]
[BlackElo "2596"]
[EventDate "2019.12.26"]
[Board "35"]

1. Nf3 Nf6 2. g3 b6 3. d4 Bb7 4. c4 c5 5. d5 b5 6. Bg2 g6 7. O-O Bg7 8. Re1
bxc4 9. e4 O-O 10. Nc3 e6 11. Nd2 Ba6 12. Qa4 Qb6 13. a3 Ng4 14. Nxc4 Bxc4
15. Qxc4 Bd4 16. Rf1 Ne5 17. Qe2 c4 18. Kh1 Na6 19. Bh6 Rfe8 20. f4 Nd3 21.
e5 Nac5 22. dxe6 dxe6 23. Bxa8 Rxa8 24. Rab1 Rb8 25. Qg2 Bxc3 0-1

[Event "World Rapid 2019"]
[Site "Moscow RUS"]
[Date "2019.12.28"]
[Round "15"]
[White "Riazantsev, Alexander"]
[Black "Meier, Georg"]
[Result "1-0"]
[WhiteElo "2594"]
[BlackElo "2710"]
[EventDate "2019.12.26"]
[Board "36"]

1. d4 e6 2. c4 b6 3. Nf3 Bb7 4. Nc3 Bb4 5. g3 Nf6 6. Bd2 c5 7. dxc5 Bxc5 8.
Bg2 O-O 9. O-O Nc6 10. Bf4 Rc8 11. Rc1 a6 12. Ng5 Na5 13. Bxb7 Nxb7 14.
Nge4 Be7 15. Qa4 Na5 16. b3 Ne8 17. Rfd1 d6 18. Qa3 Rc6 19. h4 h6 20. h5
Qa8 21. Nxd6 Nb7 22. c5 Rxc5 23. Nde4 Rc7 24. Qb2 Rc8 25. Be5 f6 26. Bf4 b5
27. b4 f5 28. Nd2 Nbd6 29. Qb3 Nc4 30. Ncb1 Nf6 31. Nxc4 bxc4 32. Rxc4 Nxh5
33. Bd6 Kf7 34. Rc5 Rxc5 35. bxc5 Rd8 36. Na3 Qe4 37. Nc4 Bf6 38. Qd3 Qc6
39. Qf3 Qxf3 40. exf3 Rc8 41. g4 1-0

[Event "World Rapid 2019"]
[Site "Moscow RUS"]
[Date "2019.12.28"]
[Round "15"]
[White "Zhigalko, Sergei"]
[Black "Yuffa, Daniil"]
[Result "1/2-1/2"]
[WhiteElo "2699"]
[BlackElo "2587"]
[EventDate "2019.12.26"]
[Board "37"]

1. e4 c6 2. d4 d5 3. e5 Bf5 4. Nf3 e6 5. Be2 Ne7 6. O-O h6 7. Nbd2 Nd7 8.
a4 g5 9. a5 Bg7 10. c4 O-O 11. a6 b6 12. Re1 c5 13. Nb3 Rc8 14. dxc5 dxc4
15. Bxc4 Nxc5 16. Nbd4 Bg4 17. Be3 Bxe5 18. Qb1 Bg7 19. Qa2 Nd5 20. Bd2
Bxf3 21. Nxf3 Qd7 22. h4 gxh4 23. Nxh4 b5 24. Bf1 Rfd8 25. Nf3 Nb6 26. Rad1
Nd3 27. Be3 Nxe1 28. Rxd7 Nxf3+ 29. gxf3 Rxd7 30. Bxb6 axb6 31. Bxb5 Rd5
32. a7 Rxb5 33. Qa6 Rbc5 34. Qxb6 Rc1+ 35. Kg2 Ra8 36. b4 Bf8 37. Qb7 Rxa7
38. Qxa7 Rb1 39. Qc7 Rxb4 40. Qg3+ Kh7 41. Qc7 Kg8 42. Qg3+ Bg7 43. Qd6 Rb5
44. Qd8+ Bf8 45. Qh4 Rg5+ 46. Kf1 Kg7 47. Qd4+ Kh7 48. Qf4 Rf5 49. Qe4 h5
50. Kg2 Bg7 51. Kh3 Bf6 52. Kg2 Kg7 53. Kh3 Rd5 54. Kg2 Rd2 55. Qe3 Rb2 56.
Kh3 Rb5 57. Qe4 Rg5 58. Qf4 Rg1 59. Kh2 Rg6 60. Kh3 Rg5 61. Qe4 Rd5 62. Qf4
Bd4 63. Qg3+ Kh7 64. Qf4 Kg6 65. Qe4+ Kg7 66. Qh4 Bc5 67. Qg3+ Kh7 68. Qh4
Kg6 69. Qe4+ Kg7 70. Qh4 Bd6 71. Kg2 Rf5 72. Qd4+ Be5 73. Qe4 Kf6 74. Qh4+
Kg6 75. Qe4 Bf4 76. Kh3 Bd6 77. Kg2 Bc5 78. Qh4 Rg5+ 79. Kh3 Bb6 80. Qe4+
Kg7 81. Qb4 Bc5 82. Qc3+ Kg6 83. Qd3+ Rf5 84. Kg2 Kh6 85. Qd2+ Kh7 86. Qd3
Kg8 87. Qd2 Rd5 88. Qf4 Bd4 89. Qg3+ Kh7 90. Qf4 Kg6 91. Qe4+ Kg7 92. Qf4
Bc5 93. Qg3+ Kf6 94. Qh4+ Kg6 95. Qe4+ 1/2-1/2

[Event "World Rapid 2019"]
[Site "Moscow RUS"]
[Date "2019.12.28"]
[Round "15"]
[White "Alekseenko, Kirill"]
[Black "Jumabayev, Rinat"]
[Result "1-0"]
[WhiteElo "2697"]
[BlackElo "2558"]
[EventDate "2019.12.26"]
[Board "38"]

1. e4 e5 2. Nf3 Nc6 3. Bc4 Bc5 4. O-O Nf6 5. d3 a6 6. a4 d6 7. c3 Ba7 8. a5
O-O 9. h3 Be6 10. Bxe6 fxe6 11. Be3 Bxe3 12. fxe3 d5 13. Qc2 Qd6 14. Nbd2
h6 15. b4 Rad8 16. Rfd1 Rf7 17. Nb3 Nd7 18. Rf1 Rdf8 19. Rad1 Qe7 20. d4
exd4 21. exd4 Rf4 22. Rde1 Qf7 23. e5 Qf5 24. Qxf5 R4xf5 25. Kf2 Ne7 26.
Ke3 R5f7 27. Nfd2 Nf5+ 28. Kd3 Ng3 29. Rxf7 Rxf7 30. Nf3 Nh5 31. Ke3 Nf4
32. Rg1 g5 33. Nc1 Kg7 34. Ne1 Nf8 35. Ncd3 Nxd3 36. Nxd3 Nd7 37. Rb1 c6
38. h4 Rf5 39. Rh1 Rf8 40. Ke2 Kg6 41. h5+ Kg7 42. g3 Re8 43. Rf1 Rd8 44.
Nb2 Rb8 45. Nd3 Rd8 46. Rc1 Kf7 47. Nf2 Kg7 48. Ke3 Nf8 49. c4 Rd7 50. Nd3
Rf7 51. b5 axb5 52. cxb5 cxb5 53. Rb1 g4 54. Rxb5 Rf3+ 55. Ke2 Rxg3 56.
Rxb7+ Kg8 57. a6 Rg2+ 58. Kf1 Ra2 59. a7 g3 60. Nf4 1-0

[Event "World Rapid 2019"]
[Site "Moscow RUS"]
[Date "2019.12.28"]
[Round "15"]
[White "Timofeev, Artyom"]
[Black "Utegaliyev, Azamat"]
[Result "0-1"]
[WhiteElo "2648"]
[BlackElo "2564"]
[EventDate "2019.12.26"]
[Board "39"]

1. c4 c5 2. Nf3 Nc6 3. Nc3 g6 4. g3 Bg7 5. Bg2 e5 6. O-O Nge7 7. Ne1 d6 8.
Nc2 O-O 9. d3 Be6 10. Ne3 Qd7 11. a3 Bh3 12. Rb1 Bxg2 13. Kxg2 Nd4 14. Ned5
Nxd5 15. Nxd5 b5 16. Be3 Ne6 17. b4 cxb4 18. Rxb4 a6 19. a4 bxc4 20. dxc4
Rab8 21. Qb3 Rxb4 22. Qxb4 f5 23. f3 f4 24. Bf2 e4 25. gxf4 exf3+ 26. exf3
Nxf4+ 27. Nxf4 Rxf4 28. Bg3 Rd4 29. Bf2 Rd3 30. Qb8+ Bf8 31. Qa8 Qf5 32.
Bg3 a5 33. Rf2 h5 34. h4 Rd4 35. Re2 Rxc4 36. Qe8 Rc8 37. Qb5 Qxb5 38. axb5
Rb8 39. Rb2 a4 40. Bf2 a3 41. Ra2 d5 42. b6 Kf7 43. Bd4 Ke6 44. Rc2 Bd6 45.
Kf1 Kd7 46. Ke2 Ra8 47. Kd3 a2 48. Ba1 Ra4 49. Rg2 Rxh4 50. Rxa2 Bc5 51.
Ra7+ Kc6 52. Rg7 Kxb6 53. Rxg6+ Kb5 54. Rg5 Rh1 55. Bc3 d4 56. Bxd4 Rd1+
57. Ke2 Rxd4 58. Rxh5 Kc6 59. Re5 Ra4 60. Kd3 Kd6 61. Rf5 Bg1 62. Ke2 Ke6
63. Rb5 Bd4 64. Kd3 Be5 65. Rb7 Kf5 66. Rf7+ Bf6 67. Rf8 Ra3+ 68. Ke2 Rb3
69. Kf2 Ke6 70. Kg3 Be7 71. Re8 Kf6 72. Kg4 Rb4+ 73. Kh3 Bd6 74. Rd8 Rd4
75. Rd7 Ke6 76. Rg7 Be5 77. Rg8 Rd2 78. Rf8 Rh2+ 79. Kg4 Rg2+ 80. Kh3 Rg6
81. f4 Bf6 82. Ra8 Kf5 83. Ra4 Be7 84. Ra5+ Kxf4 0-1

[Event "World Rapid 2019"]
[Site "Moscow RUS"]
[Date "2019.12.28"]
[Round "15"]
[White "Pashikian, Arman"]
[Black "Adly, Ahmed"]
[Result "0-1"]
[WhiteElo "2593"]
[BlackElo "2643"]
[EventDate "2019.12.26"]
[Board "40"]

1. d4 Nf6 2. c4 e6 3. Nf3 Bb4+ 4. Bd2 Qe7 5. g3 O-O 6. Bg2 d5 7. Qc2 c5 8.
dxc5 Qxc5 9. Bxb4 Qxb4+ 10. Nbd2 Bd7 11. O-O Rc8 12. Rac1 dxc4 13. Nxc4 Bb5
14. Nfd2 Nc6 15. Qb3 Qxb3 16. Nxb3 Rd8 17. a4 Bxa4 18. Nc5 Nd4 19. Rfe1 Bc6
20. Nxb7 Bxb7 21. Bxb7 Rab8 22. Bg2 Rdc8 23. e3 Nb3 24. Rc2 Nd7 25. Rc3 g6
26. Rd1 Ndc5 27. Ne5 Rd8 28. Bf3 Rbc8 29. Kg2 Kg7 30. g4 h6 31. h4 g5 32.
hxg5 hxg5 33. Rh1 Rd2 34. Nc4 Rd3 35. Na3 Rxc3 36. bxc3 Rd8 37. Rd1 Rd2 38.
Nc4 Rc2 39. Rd8 Rxc3 40. Nd6 Rd3 41. Ne8+ Kh6 42. Ra8 a5 43. Nf6 Rd2 44.
Nh5 a4 45. Rh8+ Kg6 46. Rg8+ Kh7 47. Rg7+ Kh6 48. Bc6 a3 49. Be8 Ne4 50.
Rg8 Rxf2+ 51. Kh3 a2 52. Rh8+ Kg6 53. Rg8+ Kh7 0-1

[Event "World Rapid 2019"]
[Site "Moscow RUS"]
[Date "2019.12.28"]
[Round "15"]
[White "Kobalia, Mikhail"]
[Black "Vallejo Pons, Francisco"]
[Result "1/2-1/2"]
[WhiteElo "2578"]
[BlackElo "2636"]
[EventDate "2019.12.26"]
[Board "41"]

1. e4 e6 2. d4 d5 3. Nc3 Bb4 4. e5 c5 5. a3 Bxc3+ 6. bxc3 Qa5 7. Bd2 Qa4 8.
Qb1 c4 9. Ne2 Nc6 10. g3 Nge7 11. h4 f6 12. exf6 gxf6 13. Bh3 e5 14. Bxc8
Rxc8 15. g4 Rc7 16. Qd1 Rf8 17. Bh6 Rf7 18. Kf1 f5 19. g5 exd4 20. cxd4 f4
21. Rh3 Nf5 22. Nc3 Qa5 23. Qg4 Ne3+ 24. fxe3 Qxc3 25. Rd1 fxe3+ 26. Kg1
Rce7 27. g6 hxg6 28. Bg5 Qxc2 29. Rxe3 Qf2+ 30. Kh1 c3 31. Qc8+ Nd8 32.
Rxe7+ Rxe7 33. Bxe7 Qf3+ 34. Kh2 Qf2+ 35. Kh1 Qf3+ 36. Kh2 Qf2+ 1/2-1/2

[Event "World Rapid 2019"]
[Site "Moscow RUS"]
[Date "2019.12.28"]
[Round "15"]
[White "Vitiugov, Nikita"]
[Black "Xu, Xiangyu"]
[Result "1/2-1/2"]
[WhiteElo "2631"]
[BlackElo "2441"]
[EventDate "2019.12.26"]
[Board "42"]

1. d4 Nf6 2. Bg5 d5 3. e3 Nbd7 4. Bd3 e5 5. c3 c6 6. Nd2 Bd6 7. Ne2 O-O 8.
h3 Re8 9. O-O Qb6 10. Qb3 Qc7 11. c4 h6 12. Bh4 exd4 13. exd4 Ne4 14. Bxe4
dxe4 15. Nc3 g5 16. Bg3 Nf6 17. c5 Bf4 18. Rae1 e3 19. Rxe3 Rxe3 20. fxe3
Bxe3+ 21. Kh2 Bf4 22. Bxf4 gxf4 23. Nde4 Ne8 24. Kh1 Bf5 25. d5 Qe5 26. Nd2
cxd5 27. Nf3 Qc7 28. Nxd5 Qxc5 29. Qxb7 Rd8 30. Ne7+ Kf8 31. Nxf5 Qxf5 32.
Qb4+ Kg8 33. Nh4 Qg5 34. Qxf4 Qxf4 35. Rxf4 Rd2 36. Rb4 Nf6 37. a4 a5 38.
Rb6 Ne4 39. Rxh6 Rxb2 40. Ra6 Rb4 41. Rxa5 Nc3 42. Rg5+ Kf8 43. g4 Rxa4 44.
Rc5 Ne4 45. Rc8+ Kg7 1/2-1/2